000 00435ntaaa2200169 4500
003 01
005 20251027201930.0
008 0714s1973 ag 01
040 _aAR-BaBN
_bspa
_cAR-BaBN
_eaacr
_dRIC
082 _a244.4160 V42m
100 _aVaretto, Juan C.
_97850
245 _aMaterial para las fiestas de Navidad
250 _a1 ed. :
_bJunta Bautista de Publicaciones,
_cn.f.
300 _a60 p.
650 _aNavidad
942 _cBK
999 _c14035
_d14035